000 00617cam a2200145 4500500
005 20251012013736.0
041 _afre
042 _adc
100 1 0 _aProtais, Baptiste
_eauthor
245 0 0 _aAutour de Jean-Louis Chrétien. Camille Riquier (eds.), Jean-Louis Chrétien et la philosophie, Presses universitaires de France, “Philosophie française contemporaine”, 2024, 672 pages, €25
260 _c2025.
500 _a25
786 0 _nÉtudes | Juillet-Août | 7-8 | 2025-07-01 | p. 119-120 | 0014-1941
856 4 1 _uhttps://shs.cairn.info/journal-etudes-2025-7-8-page-119?lang=en&redirect-ssocas=7080
999 _c1530021
_d1530021